000 01042nam a22002777a 4500
005 20240530110409.0
008 150210s2009 ua od a 001 0 ara d
017 _a19324/2007
_bمصر . دار الكتب المصرية
020 _a9771441256
040 _aEG-CaGPL
041 0 _aara
082 _221
_a610.3
_bط/ن أ
100 1 _aروونى ، ان
245 1 2 _aالاجهزة فى عالم الطب /
_cتاليف ان روونى ؛ ترجمة هشام شتلة ؛ اشراف داليا محمد ابراهيم
250 _aط1
260 _aالقاهرة :
_bنهضة مصر للطباعة والنشر والتوزيع ،
_c2009
300 _a64 ص :
_bايض ؛
_c28 سم
490 0 _aاحدث منجزات الطب
650 0 4 _aالطب
_xاجهزة
650 0 4 _aالتصوير الطبى
650 0 4 _aالطب
_xدوائر معارف
700 0 _aهشام شتلة
_eمترجم
700 0 _aداليا محمد ابراهيم
_eمشرف
942 _2ddc
_cBK
999 _c60421
_d60421